1954 1987 1635 1615 1916 1397 1962 1114 1372 1726 1272 1538 1976 1197 1608 1994 1597 1935 1325 1249 1769 1384 1219 1277 1553 1061 1122 1684 1712 1970 1730 1881 1944 1558 1364 1510 1454 1863 1392 1264 1144 1771 1925 1364 1335 1956 1297 1390 1651 1510 1756 1147 1914 1883 1150 1250 1473 1561 1475 1034 1259 1874 1827 1797 1212 1491 1326 1178 1648 1545 1208 1093 1817 1079 1580 1101 1105 1395 1239 1408 1498 1420 1538 1063 1659 1985 1405 1550 1734 1514 1744 1152 1590 1781 1739 1280 1088 1061 1298 BCNSPRNW ULIB Ver.6.0+V

เปลี่ยนเป็นภาษาไทย

Change to English
 แสดงรายละเอียดบรรณานุกรม
  กลับหน้าหลัก

Brief Record : Get Marc (ISO 2709) : E-mail record : QR code < ปิดหน้าต่าง
LEADER : 00000nam 2200000uu 4500
001    13399109093
003     ULIB
008    110322s2548||||th 000 0 tha d
020    9744655445
060 04 WA292^bต554อ 2548
100 0  อุ่นใจ เครือสถิตย์
245 10 ตำราชุด:เวชกิจฉุกเฉิน การยกการเคลื่อนย้ายผู้บาดเจ็บและเจ็บป่วยฉุกเฉิน /^cอุ่นใจ เครือสถิตย์
246 31 การยกการเคลื่อนย้ายผู้บาดเจ็บและเจ็บป่วยฉุกเฉิน
250    พิมพ์ครั้งที่ 1
260    ขอนแก่น :^bภาควิชาเวชกิจฉุกเฉินวิทยาลัยการสาธารณสุขสิรินธร,^c2548
300    75 หน้า :^bภาพประกอบ ;^c21 ซม.
650  7 การเคลื่อนย้ายผู้ป่วยและบาดเจ็บ
650  7 ภาวะฉุกเฉิน
650  7 ปฐมพยาบาล
710 2  วิทยาลัยการสาธารณสุขสิรินธร. ^bภาควิชาเวชกิจฉุกเฉิน
945    ^p110^l0^i025420
945    ^p110^l0^i025227
945    ^p110^l0^i018764
945    ^p110^l0^i018762
945    ^p110^l0^i017835
945    ^p110^l0^i018763
945    ^p0^l0^i024001
945    ^p0^l0^i024002
945    ^p110^l0^i017975
995    ทศพร
999 ^a ใช้งานได้ทุกระบบ
รายการนี้ยังไม่มีแท็ก
คุณยังไม่ได้ล็อกอิน คุณสามารถมีกิจกรรมร่วมกับเว็บไซต์ได้ แต่ต้องล็อกอินก่อน ::
  ล็อกอิน

รายการสื่อสารสนเทศ

ลำดับที่ ประเภท เลขเรียก/บาร์โค้ด สถานที่ สถานะ
1. วิทยาศาสตร์การแพทย์ และสุขภาพ
วิทยาศาสตร์การแพทย์ และสุขภาพ
WA292 ต554อ 2548 ฉ.7 
  Barcode: 024001
ห้องสมุดวิทยาเขตสวรรค์ประชารักษ์
►หนังสือทั่วไป
บนชั้น
2. วิทยาศาสตร์การแพทย์ และสุขภาพ
วิทยาศาสตร์การแพทย์ และสุขภาพ
WA292 ต554อ 2548 ฉ.8 
  Barcode: 024002
ห้องสมุดวิทยาเขตสวรรค์ประชารักษ์
►หนังสือทั่วไป
บนชั้น
3. วิทยาศาสตร์การแพทย์ และสุขภาพ
วิทยาศาสตร์การแพทย์ และสุขภาพ
WA292 ต554อ 2548 ฉ.9 
  Barcode: 017975
ห้องสมุดวิทยาเขตสวรรค์ประชารักษ์
►หนังสือทั่วไป
บนชั้น

รายการใกล้เคียง
    ผู้แต่ง [อุ่นใจ เครือสถิตย์]

    หัวเรื่อง [การเคลื่อนย้ายผู้ป่วยและบาดเจ็บ]
    หัวเรื่อง [ภาวะฉุกเฉิน]
    หัวเรื่อง [ปฐมพยาบาล]

BibComment


ยังไม่เคยถูกคอมเมนท์

คอมเมนท์ทรัพยากรรายการนี้
  คอมเมนท์: ตำราชุดเวชกิจฉุกเ..


 Copyright 2026. Bcnsprnw @Library